Lecciones de derecho internacional público.

Salvato in:
Dettagli Bibliografici
Autore principale: Rodríguez Carrión, Alejandro J (Autore)
Natura: Libro
Lingua:spagnolo
Pubblicazione: Madrid, España: Tecnos 2002
Edizione:5a. ed.
Soggetti:
Accesso online:Disponible Online - Lección 21 pp.600-632.
Tags: Aggiungi Tag
Nessun Tag, puoi essere il primo ad aggiungerne!!

MARC

LEADER 00000nam a2200000 a 4500
001 UCK7022
003 CL-VaPUC
005 20220310120607.0
008 051028e20020000SP |||||||||||||||||spa|d
999 |c 315115  |d 315113 
020 |a 8430938885 
040 |c Pontificia Universidad Católica de Valparaíso 
082 0 4 |a 341.01 ROD 2002  |2 21 
100 0 |a Rodríguez Carrión, Alejandro J  |e author  |9 496488 
245 1 0 |a Lecciones de derecho internacional público. 
250 |a 5a. ed. 
260 |a Madrid, España:  |b Tecnos  |c 2002 
300 |a 659 páginas  
583 |a last modification  |c 20051028 00:00:00  |k Rodrigo Vera 
650 0 |a Derecho internacional público   |2 CL-VaPUC  |9 256065 
650 0 |a Fuentes del derecho   |9 255162 
650 0 |a Historia del derecho  |9 255109 
650 0 |a Jurisprudencia  |9 255952 
650 0 |a Normas jurídicas  |9 258310 
650 0 |a Diplomacia  |9 256483 
856 |u http://bibliografiadigital.pucv.cl/index.php/bibliotecapucv/catalog/book/902  |y Disponible Online - Lección 21 pp.600-632. 
942 |c BK  |2 ddc 
945 |d 20051028 00:00:00  |a cmena 
952 |0 0  |1 0  |4 0  |6 341_010000000000000_ROD_2002  |7 0  |8 A  |9 388054  |a BIBDER  |b BIBDER  |d 2019-11-22  |i 417500K  |l 5  |o 341.01 ROD 2002  |p 417500K  |r 2024-03-12  |s 2024-03-11  |w 2019-11-22  |y BK  |k DER